| 000 | 00644cam a2200241 4500 | ||
|---|---|---|---|
| 001 | J104546 | ||
| 008 | 000000n2000 000 0 eng u | ||
| 035 | _a(Sirsi) u104546 | ||
| 050 | _a338.9 | ||
| 110 |
_aRoyal Institution of Chartered Surveyors _94900 |
||
| 245 | _aAlternatives to the Partnership Investment Programme. | ||
| 260 |
_aLondon _bRICS _c2000 |
||
| 300 | _a13p. ; 30cm. | ||
| 650 | _aPIP | ||
| 650 | _aPARTNERSHIP INVESTMENT PROGRAMME | ||
| 650 | _aSTATE AID | ||
| 650 | _aFUNDING | ||
| 650 | _aREGIONAL FUNDING | ||
| 650 | _aEUROPEAN COMMISSION | ||
| 650 | _aSTATE FUNDING | ||
| 690 | _aINVESTMENT | ||
| 942 | _n0 | ||
| 999 |
_c100260 _d100260 |
||